00777nam a2200181 a 4500003000200000005001700002008004100019050002800060100002800088245015500116260009200271300004800363504004100411650004300452650003200495650002800527650004000555020250616143240.0021115s19uu xx 00 eng d aPGS LB 1051b.P322 1999 aPattugalan, Rica Luz M. aThe relationship of socio-economic status, peer groups, study habits to grade 6 students of Southville International School /cRica Luz M. Pattugalan. aLas Piñas City, Philippines : bSouthville International School and Colleges,c1999. a38 pages :bcolored illustrations ;c28 cm. aIncludes bibliographical references. aAcademic achievement vSocial aspects. aStudy skillsvCase studies. aPeer groupsvInfluence. aSocial statusvEducational aspects.